Parti del Corpo e Scheletro (Prima) - Statistics

Statistiche generali
  • Questo quiz è stato fatto 483 volte
    364 dall'ultimo reset
  • Il punteggio medio è 15 su 25
Statistiche sulle risposte
Inglese Italiano % Corretto
knee ginocchio
89%
forehead fronte
82%
earlobe lobo
82%
belly button ombelico
82%
lip labbro
81%
ankle caviglia
80%
cheek guancia
79%
elbow gomito
76%
eyebrow + lash soprac(ciglia)
74%
index finger indice
73%
chin mento
73%
lung polmone
69%
liver fegato
66%
jaw mascella
59%
kidney rene
59%
armpit ascella
56%
eyelid palpebra
54%
heel tallone
53%
blood vessel vaso sanguigno
49%
hip anca
48%
bladder vescica
40%
calf polpaccio
37%
gum gengive
25%
groin inguine
19%
intestine (large/small) intestino crasso/tenue
17%
Nessun quiz corrispondente trovato
Distribuzione punteggi
Percentuale di utenti per punteggio
Percentile per numero di risposta
I tuoi punteggi nel tempo
Non hai fatto questo quiz dall'ultimo reset